[Event "Gibraltar ChallWk1 12th"]
[Site "Gibraltar"]
[Date "2014.01.28"]
[Round "2.27"]
[White "Kozarcanin, Sead"]
[Black "Lochte, Szilvia"]
[Result "1-0"]
[WhiteElo "2073"]
[BlackElo "1951"]
[PlyCount "69"]
[EventDate "2014.01.27"]
[EventType "swiss"]
[EventRounds "5"]
[EventCountry "GGB"]
[SourceTitle "BritBase"]
[Source "www.saund.co.uk"]
[SourceDate "2018.02.10"]
[SourceVersion "1"]
[SourceVersionDate "2018.02.10"]
[SourceQuality "1"]

1. e4 e5 2. Nc3 Nc6 3. g3 Bc5 4. Bg2 Nf6 5. Nf3 d6 6. d3 h6 7. Na4 Bg4 8. Nxc5
dxc5 9. h3 Be6 10. Be3 Qe7 11. Nh4 g6 12. Qd2 Qf8 13. Qc3 b6 14. f4 Qd6 15. O-O
Nh5 16. fxe5 Qxe5 17. Qxe5 Nxe5 18. g4 Ng7 19. Bf4 Nc6 20. Bxc7 Kd7 21. Bg3 h5
22. g5 Rad8 23. c3 Ke7 24. Rfd1 Bc8 25. Nf3 h4 26. Bf2 Nh5 27. Be3 Ng3 28. Kf2
Ba6 29. Nxh4 Nxe4+ 30. Bxe4 Rxh4 31. Bxc6 Rxh3 32. Bg2 Rh2 33. Kg3 Rhh8 34. d4
cxd4 35. Bxd4 1-0

[Event "Gibraltar ChallWk1 12th"]
[Site "Gibraltar"]
[Date "2014.01.28"]
[Round "2.28"]
[White "Mortensen, Henrik"]
[Black "Schouten, Freek"]
[Result "1-0"]
[WhiteElo "1938"]
[BlackElo "2069"]
[PlyCount "77"]
[EventDate "2014.01.27"]
[EventType "swiss"]
[EventRounds "5"]
[EventCountry "GGB"]
[SourceTitle "BritBase"]
[Source "www.saund.co.uk"]
[SourceDate "2018.02.10"]
[SourceVersion "1"]
[SourceVersionDate "2018.02.10"]
[SourceQuality "1"]

1. e4 c6 2. d4 d5 3. exd5 cxd5 4. Bd3 Nc6 5. c3 Nf6 6. Bf4 Bg4 7. Qb3 Qc8 8.
Nd2 e6 9. Ngf3 Be7 10. O-O Bh5 11. Ne5 Nxe5 12. Bxe5 O-O 13. Qc2 Bg6 14. Rfe1
b5 15. Re3 Ng4 16. Rh3 Nxe5 17. dxe5 b4 18. Rc1 Qc7 19. cxb4 Qxe5 20. b5 Bf6
21. Bxg6 hxg6 22. b4 Qb8 23. Qd3 Rc8 24. Rxc8+ Qxc8 25. Nb3 Qc4 26. a3 Rb8 27.
Kf1 Rxb5 28. Na5 Qc1+ 29. Ke2 Rb8 30. Qd2 Qg1 31. Nc6 Rc8 32. Qc2 Re8 33. Nxa7
Bd4 34. Rf3 Qxh2 35. Nc6 Bf6 36. b5 e5 37. Rg3 e4 38. Qd2 Qh5+ 39. Kf1 1-0

[Event "Gibraltar ChallWk1 12th"]
[Site "Gibraltar"]
[Date "2014.01.28"]
[Round "2.29"]
[White "Verneuil, Pascal"]
[Black "Andersen, Daniel"]
[Result "1-0"]
[WhiteElo "2065"]
[BlackElo "1941"]
[PlyCount "79"]
[EventDate "2014.01.27"]
[EventType "swiss"]
[EventRounds "5"]
[EventCountry "GGB"]
[SourceTitle "BritBase"]
[Source "www.saund.co.uk"]
[SourceDate "2018.02.10"]
[SourceVersion "1"]
[SourceVersionDate "2018.02.10"]
[SourceQuality "1"]

1. e4 e6 2. d4 d5 3. e5 c5 4. Nf3 Nc6 5. Bd3 Bd7 6. O-O cxd4 7. Re1 f5 8. a3 a6
9. h4 g6 10. Bf4 Nh6 11. Nbd2 Nf7 12. Nb3 Bg7 13. Qd2 h6 14. Nbxd4 Nxd4 15.
Nxd4 Qxh4 16. c4 dxc4 17. Bxc4 Qe7 18. Rad1 Rd8 19. Qc3 b5 20. Bxe6 Bxe6 21.
Qc6+ Qd7 22. Qxe6+ Qxe6 23. Nxe6 Rxd1 24. Nxg7+ Kf8 25. Rxd1 Kxg7 26. Rd7 g5
27. e6 gxf4 28. Rxf7+ Kg6 29. Ra7 Rc8 30. Rxa6 Rc2 31. b4 Ra2 32. e7+ Kf7 33.
e8=Q+ Kxe8 34. Rxh6 Rxa3 35. Rb6 Rb3 36. Rxb5 Kd7 37. Kh2 Kc6 38. Rxf5 Rxb4 39.
Kh3 Kd6 40. Kg4 1-0

[Event "Gibraltar ChallWk1 12th"]
[Site "Gibraltar"]
[Date "2014.01.28"]
[Round "2.30"]
[White "Jorgensen, Line Jin"]
[Black "Nejanky, Maisa"]
[Result "0-1"]
[WhiteElo "1925"]
[BlackElo "2040"]
[PlyCount "64"]
[EventDate "2014.01.27"]
[EventType "swiss"]
[EventRounds "5"]
[EventCountry "GGB"]
[SourceTitle "BritBase"]
[Source "www.saund.co.uk"]
[SourceDate "2018.02.10"]
[SourceVersion "1"]
[SourceVersionDate "2018.02.10"]
[SourceQuality "1"]

1. d4 Nf6 2. c4 c5 3. d5 b5 4. cxb5 a6 5. bxa6 g6 6. Nc3 Bxa6 7. e4 Bxf1 8.
Kxf1 d6 9. g3 Bg7 10. Kg2 Nbd7 11. Nf3 O-O 12. h3 Qc7 13. Re1 Rfb8 14. Re2 Nb6
15. Bg5 h6 16. Bf4 Nh5 17. Bc1 Qb7 18. a4 Qa6 19. e5 Nc4 20. g4 Nxb2 21. Qc2
Nd3 22. gxh5 dxe5 23. Rb1 f5 24. Rxb8+ Rxb8 25. Nb5 e4 26. Nh4 gxh5 27. Nxf5
Qg6+ 28. Ng3 h4 29. Rxe4 Ne1+ 30. Rxe1 Qxc2 31. Ne4 Qxa4 32. Nc7 Qa5 0-1

[Event "Gibraltar ChallWk1 12th"]
[Site "Gibraltar"]
[Date "2014.01.28"]
[Round "2.31"]
[White "Danielsen, Magnus"]
[Black "Krokay, Urszula"]
[Result "1/2-1/2"]
[WhiteElo "2032"]
[BlackElo "1926"]
[PlyCount "29"]
[EventDate "2014.01.27"]
[EventType "swiss"]
[EventRounds "5"]
[EventCountry "GGB"]
[SourceTitle "BritBase"]
[Source "www.saund.co.uk"]
[SourceDate "2018.02.10"]
[SourceVersion "1"]
[SourceVersionDate "2018.02.10"]
[SourceQuality "1"]

1. e4 e5 2. Nf3 Nc6 3. Bc4 Bc5 4. c3 Nf6 5. d3 a6 6. O-O Ba7 7. Re1 d6 8. Be3
Na5 9. Bb3 Nxb3 10. axb3 Bxe3 11. Rxe3 O-O 12. d4 exd4 13. Nxd4 Re8 14. Nd2 d5
15. Qe1 1/2-1/2

[Event "Gibraltar ChallWk1 12th"]
[Site "Gibraltar"]
[Date "2014.01.28"]
[Round "2.32"]
[White "Sevillano Garcia, Joaquin"]
[Black "Isherwood, Paul"]
[Result "0-1"]
[WhiteElo "1923"]
[BlackElo "2020"]
[PlyCount "82"]
[EventDate "2014.01.27"]
[EventType "swiss"]
[EventRounds "5"]
[EventCountry "GGB"]
[SourceTitle "BritBase"]
[Source "www.saund.co.uk"]
[SourceDate "2018.02.10"]
[SourceVersion "1"]
[SourceVersionDate "2018.02.10"]
[SourceQuality "1"]

1. Nf3 d6 2. d4 Nf6 3. g3 Nbd7 4. Bg2 c6 5. O-O e5 6. dxe5 dxe5 7. b3 Qc7 8.
Bb2 Bc5 9. e3 O-O 10. Nbd2 Re8 11. Qe2 Bf8 12. Rfd1 a5 13. a4 b6 14. Ng5 Ba6
15. Qf3 h6 16. Nge4 Nd5 17. Nc4 Rac8 18. Rd2 Bxc4 19. bxc4 N5f6 20. Rad1 Bb4
21. Nd6 Bxd2 22. Nxc8 Bb4 23. Nxb6 Nxb6 24. Qxc6 Qxc6 25. Bxc6 Rc8 26. Bb5 Nxc4
27. Ba1 Na3 28. Bxe5 Ng4 29. Bd7 Nxf2 30. Kxf2 Rxc2+ 31. Kf3 Rxh2 32. Bf5 Nc4
33. Rd8+ Bf8 34. Bc3 Rh5 35. Be4 Rc5 36. Rd5 Rc8 37. Bxa5 Bc5 38. Rd8+ Rxd8 39.
Bxd8 Nd2+ 40. Kf4 Bd6+ 41. Kf5 g6+ 0-1

[Event "Gibraltar ChallWk1 12th"]
[Site "Gibraltar"]
[Date "2014.01.28"]
[Round "2.33"]
[White "Perez Cameselle, Francisco"]
[Black "Hamer, Martyn"]
[Result "1-0"]
[WhiteElo "1847"]
[BlackElo "2017"]
[PlyCount "153"]
[EventDate "2014.01.27"]
[EventType "swiss"]
[EventRounds "5"]
[EventCountry "GGB"]
[SourceTitle "BritBase"]
[Source "www.saund.co.uk"]
[SourceDate "2018.02.10"]
[SourceVersion "1"]
[SourceVersionDate "2018.02.10"]
[SourceQuality "1"]

1. e4 Nf6 2. Nc3 d5 3. exd5 Nxd5 4. Bc4 Nb6 5. Bb3 Nc6 6. Qf3 e6 7. Nge2 Be7 8.
d3 O-O 9. a3 a5 10. O-O a4 11. Ba2 Ra5 12. Bf4 Bd6 13. Ne4 Bxf4 14. Qxf4 e5 15.
Qg3 Nd4 16. Nxd4 exd4 17. Rfe1 Rb5 18. Rab1 Nd5 19. Bc4 Ra5 20. Qe5 b6 21. Qxd4
Bb7 22. Bxd5 Bxd5 23. Nc3 Be6 24. Qxd8 Rxd8 25. Re4 b5 26. Rbe1 c6 27. f4 g6
28. Kf2 Ra7 29. Re5 Kg7 30. Rc5 Ra6 31. g3 h5 32. h4 Kf8 33. Rce5 Ra7 34. Ne4
Rb8 35. c3 Bf5 36. Nc5 Rd8 37. d4 Bg4 38. Nd3 Rc7 39. Rc5 f6 40. Nb4 Rdc8 41.
d5 cxd5 42. Rxd5 Rb7 43. Rd6 Kg7 44. Nd5 g5 45. Nxf6 gxf4 46. Nxg4 fxg3+ 47.
Kxg3 hxg4 48. Kxg4 Rf8 49. Rde6 Rf2 50. R1e2 Rbf7 51. R6e4 R7f4+ 52. Rxf4 Rxe2
53. Rb4 Re5 54. Kf4 Rh5 55. Kg4 Rc5 56. Rd4 Re5 57. Kf3 Rh5 58. Ke3 Kf6 59. c4
Ke6 60. Kd3 Rf5 61. Kc3 bxc4 62. Kxc4 Rf3 63. Rd3 Rf2 64. Kc3 Ke5 65. Rd2 Rf3+
66. Rd3 Rf2 67. Rh3 Kf5 68. h5 Kg4 69. Rh1 Rf3+ 70. Kb4 Rf4+ 71. Kc3 Rf3+ 72.
Kc4 Rf4+ 73. Kd5 Rf7 74. h6 Rh7 75. Kc4 Rc7+ 76. Kb5 Rb7+ 77. Kxa4 1-0

[Event "Gibraltar ChallWk1 12th"]
[Site "Gibraltar"]
[Date "2014.01.28"]
[Round "2.34"]
[White "Ungureanu, Sandu"]
[Black "Othman, Mustapha"]
[Result "1-0"]
[WhiteElo "2014"]
[BlackElo "1905"]
[PlyCount "149"]
[EventDate "2014.01.27"]
[EventType "swiss"]
[EventRounds "5"]
[EventCountry "GGB"]
[SourceTitle "BritBase"]
[Source "www.saund.co.uk"]
[SourceDate "2018.02.10"]
[SourceVersion "1"]
[SourceVersionDate "2018.02.10"]
[SourceQuality "1"]

1. g3 Nf6 2. c4 e6 3. Bg2 d5 4. cxd5 exd5 5. Nf3 Bd6 6. O-O O-O 7. d4 Re8 8.
Bg5 h6 9. Bxf6 Qxf6 10. Nc3 c6 11. Qb3 Nd7 12. Rfe1 Qd8 13. e4 dxe4 14. Rxe4
Nf6 15. Rxe8+ Qxe8 16. Re1 Qd7 17. a3 Qc7 18. Nh4 Bg4 19. d5 g5 20. dxc6 gxh4
21. cxb7 Re8 22. Rxe8+ Nxe8 23. Qa4 Bd7 24. Qxh4 Qb6 25. Qxh6 Qd4 26. Be4 Nf6
27. Bf3 Qe5 28. Qe3 Qxe3 29. fxe3 Bh3 30. b4 Be5 31. Nb5 a6 32. Nd4 Nd7 33. Nc6
Bc7 34. Be2 Nb8 35. Nxb8 Bxb8 36. Bxa6 Bd7 37. Bf1 Ba4 38. Bg2 Kg7 39. Kf2 Kg6
40. h4 f5 41. Bd5 Kh5 42. Bf3+ Kg6 43. e4 f4 44. g4 Be5 45. Be2 Bc6 46. Kf3
Bxb7 47. a4 Kf6 48. a5 Bc7 49. Bc4 Ke5 50. Bd5 Ba6 51. g5 Bd6 52. h5 Bxb4 53.
h6 Bf8 54. Bc6 Bc8 55. Bb5 Bb7 56. Bd3 Ba8 57. a6 Kd4 58. Bc2 Ke5 59. a7 Bc6
60. Kg4 Ba8 61. Bd3 Bc6 62. Kh5 f3 63. g6 Kf6 64. g7 Bxg7 65. hxg7 Kxg7 66. Kg4
f2 67. Kf3 Kf6 68. Kxf2 Ke5 69. Ke3 Ba8 70. Be2 Bc6 71. Bf3 Bb7 72. Bg2 Bc6 73.
Kd3 Bb7 74. Kc4 Kd6 75. e5+ 1-0

[Event "Gibraltar ChallWk1 12th"]
[Site "Gibraltar"]
[Date "2014.01.28"]
[Round "2.35"]
[White "Tarr, Steve F"]
[Black "Ellison, D George"]
[Result "1-0"]
[WhiteElo "1728"]
[BlackElo "2013"]
[PlyCount "63"]
[EventDate "2014.01.27"]
[EventType "swiss"]
[EventRounds "5"]
[EventCountry "GGB"]
[SourceTitle "BritBase"]
[Source "www.saund.co.uk"]
[SourceDate "2018.02.10"]
[SourceVersion "1"]
[SourceVersionDate "2018.02.10"]
[SourceQuality "1"]

1. d4 f5 2. Nf3 Nf6 3. Bf4 e6 4. e3 b6 5. c4 Bb7 6. Nc3 Bb4 7. Bd3 Ne4 8. Qc2
O-O 9. a3 Bxc3+ 10. bxc3 g5 11. Bg3 Nxg3 12. hxg3 g4 13. Nh4 Qg5 14. O-O-O d6
15. d5 Nd7 16. dxe6 Ne5 17. Bxf5 h5 18. Bh7+ Kg7 19. Nf5+ Kxh7 20. Nxd6+ Kh6
21. Nxb7 Rab8 22. e7 Qxe7 23. Qe4 Qxa3+ 24. Kb1 Rxf2 25. Rxh5+ Kxh5 26. Rh1+
Kg5 27. Qxe5+ Kg6 28. Qe6+ Rf6 29. Qxg4+ Kf7 30. Rh7+ Ke8 31. Qd7+ Kf8 32. Rh8#
1-0

[Event "Gibraltar ChallWk1 12th"]
[Site "Gibraltar"]
[Date "2014.01.28"]
[Round "2.36"]
[White "Dotan, Valeria"]
[Black "Musi, Dietmar"]
[Result "1/2-1/2"]
[WhiteElo "1979"]
[BlackElo "1762"]
[PlyCount "108"]
[EventDate "2014.01.27"]
[EventType "swiss"]
[EventRounds "5"]
[EventCountry "GGB"]
[SourceTitle "BritBase"]
[Source "www.saund.co.uk"]
[SourceDate "2018.02.10"]
[SourceVersion "1"]
[SourceVersionDate "2018.02.10"]
[SourceQuality "1"]

1. Nf3 d5 2. d4 Nf6 3. c4 c6 4. Nc3 Bg4 5. Bf4 e6 6. e3 Bd6 7. Bg5 Nbd7 8. h3
Bh5 9. c5 Bc7 10. Be2 O-O 11. O-O h6 12. Bf4 Re8 13. b4 b5 14. cxb6 axb6 15. a4
Bg6 16. Qb3 Qb8 17. Bxc7 Qxc7 18. Rac1 Ne4 19. Nxe4 Bxe4 20. Bb5 Bxf3 21. Rxc6
Qd8 22. gxf3 Qg5+ 23. Kh2 Qf5 24. f4 Nf6 25. Qd3 Qh5 26. Qe2 Qh4 27. f3 Rab8
28. Rfc1 Nh5 29. Qe1 Qf6 30. Qd2 Qh4 31. Rg1 Rec8 32. Qg2 Rxc6 33. Bxc6 Kh8 34.
Qg4 Qxg4 35. hxg4 Nf6 36. Kg3 Rc8 37. b5 Ng8 38. Rh1 Ne7 39. Rc1 Kg8 40. Rc2
Kf8 41. e4 Nxc6 42. bxc6 Ke7 43. exd5 exd5 44. f5 Kd6 45. f6 g6 46. Kf4 Rxc6
47. Rh2 Rc4 48. Rxh6 Rxd4+ 49. Ke3 Rxa4 50. Rh8 Ke6 51. g5 Kf5 52. Rf8 Ra7 53.
Rb8 Kxg5 54. Rxb6 Rd7 1/2-1/2

[Event "Gibraltar ChallWk1 12th"]
[Site "Gibraltar"]
[Date "2014.01.28"]
[Round "2.38"]
[White "Reppen, Ellisiv"]
[Black "Haddock, Paul"]
[Result "1-0"]
[WhiteElo "1995"]
[BlackElo "1649"]
[PlyCount "37"]
[EventDate "2014.01.27"]
[EventType "swiss"]
[EventRounds "5"]
[EventCountry "GGB"]
[SourceTitle "BritBase"]
[Source "www.saund.co.uk"]
[SourceDate "2018.02.10"]
[SourceVersion "1"]
[SourceVersionDate "2018.02.10"]
[SourceQuality "1"]

1. e4 c5 2. Nf3 d6 3. d4 cxd4 4. Nxd4 Nf6 5. Nc3 g6 6. Be3 Bg7 7. f3 Nc6 8. Qd2
O-O 9. g4 Bd7 10. O-O-O Rc8 11. h4 h5 12. gxh5 Nxh5 13. Rg1 Nxd4 14. Bxd4 Bxd4
15. Qxd4 Qa5 16. Rg5 Qc7 17. Bd3 Be6 18. Rxh5 Qb6 19. Rh8# 1-0

[Event "Gibraltar ChallWk1 12th"]
[Site "Gibraltar"]
[Date "2014.01.28"]
[Round "2.39"]
[White "Oliveira, Maria Alice Ramos M"]
[Black "Jacobsen, Fredrik Beer"]
[Result "0-1"]
[WhiteElo "1466"]
[BlackElo "1991"]
[PlyCount "58"]
[EventDate "2014.01.27"]
[EventType "swiss"]
[EventRounds "5"]
[EventCountry "GGB"]
[SourceTitle "BritBase"]
[Source "www.saund.co.uk"]
[SourceDate "2018.02.10"]
[SourceVersion "1"]
[SourceVersionDate "2018.02.10"]
[SourceQuality "1"]

1. e4 c5 2. Nf3 Nc6 3. d4 cxd4 4. Nxd4 Nf6 5. Nc3 d6 6. Bg5 e6 7. Qd2 a6 8.
O-O-O h6 9. Be3 Nxd4 10. Bxd4 b5 11. f3 Qa5 12. Kb1 b4 13. Ne2 e5 14. Be3 Be6
15. Nc1 Be7 16. g4 d5 17. Nb3 Qc7 18. exd5 Nxd5 19. Bd3 O-O 20. Bxh6 a5 21.
Rde1 a4 22. Nc1 Rfb8 23. b3 Nc3+ 24. Kb2 axb3 25. cxb3 Qa5 26. Ka1 Bxb3 27. Bb1
Bxa2 28. Bxa2 b3 29. Re2 b2+ 0-1

[Event "Gibraltar ChallWk1 12th"]
[Site "Gibraltar"]
[Date "2014.01.29"]
[Round "3.1"]
[White "Nicolas Zapata, Irene"]
[Black "Kvisla, Johannes Luangtep"]
[Result "0-1"]
[WhiteElo "2249"]
[BlackElo "2154"]
[PlyCount "80"]
[EventDate "2014.01.27"]
[EventType "swiss"]
[EventRounds "5"]
[EventCountry "GGB"]
[SourceTitle "BritBase"]
[Source "www.saund.co.uk"]
[SourceDate "2018.02.10"]
[SourceVersion "1"]
[SourceVersionDate "2018.02.10"]
[SourceQuality "1"]

1. Nf3 f5 2. d3 Nc6 3. e4 e5 4. Nc3 Nf6 5. exf5 d5 6. Bg5 Bxf5 7. Bxf6 gxf6 8.
Nh4 Be6 9. Be2 f5 10. Bh5+ Kd7 11. Nf3 Qf6 12. h4 h6 13. Nd2 Rd8 14. Nb3 Kc8
15. a3 Rg8 16. g3 e4 17. d4 f4 18. Ne2 fxg3 19. fxg3 Bd6 20. Qd2 Bxg3+ 21. Nxg3
Rxg3 22. O-O-O e3 23. Qe1 Rdg8 24. Be2 Qf2 25. Qxf2 exf2 26. Rh2 Rg2 27. Rxg2
Rxg2 28. Kd2 Rh2 29. h5 Bh3 30. Ke3 Ne7 31. Bf1 b6 32. c3 Bxf1 33. Rxf1 Nf5+
34. Kf4 Nd6 35. Nc1 Rxh5 36. Nd3 Rf5+ 37. Ke3 Ne4 38. Nf4 c6 39. c4 Nf6 40. b3
Ng4+ 0-1

[Event "Gibraltar ChallWk1 12th"]
[Site "Gibraltar"]
[Date "2014.01.29"]
[Round "3.2"]
[White "Martinez Reyes, Pedro Ramon"]
[Black "Samu, Sorin-Mihai"]
[Result "1-0"]
[WhiteElo "2246"]
[BlackElo "2131"]
[PlyCount "105"]
[EventDate "2014.01.27"]
[EventType "swiss"]
[EventRounds "5"]
[EventCountry "GGB"]
[SourceTitle "BritBase"]
[Source "www.saund.co.uk"]
[SourceDate "2018.02.10"]
[SourceVersion "1"]
[SourceVersionDate "2018.02.10"]
[SourceQuality "1"]

1. e4 c5 2. Nf3 d6 3. Bb5+ Bd7 4. Bxd7+ Nxd7 5. O-O g6 6. c3 Bg7 7. d4 Qc7 8.
Re1 e6 9. Na3 a6 10. dxc5 Nxc5 11. Bf4 e5 12. Bg5 h6 13. Bc1 Nf6 14. Qc2 Qc6
15. Nd2 b5 16. b4 Ne6 17. Nb3 Rc8 18. Bd2 O-O 19. Na5 Qa8 20. Qd3 Rfd8 21. c4
bxc4 22. N3xc4 Qb8 23. Be3 d5 24. Nb6 dxe4 25. Qxa6 Rc2 26. Rac1 Qc7 27. Rxc2
Qxc2 28. Qc4 Rd1 29. Rxd1 Qxd1+ 30. Qf1 Qc2 31. a4 Nd4 32. Nac4 Ng4 33. a5 Qa2
34. h3 Nxe3 35. Nxe3 Bf8 36. Nbd5 Ne2+ 37. Kh2 Nf4 38. Nf6+ Kg7 39. Ne8+ Kg8
40. Nf6+ Kg7 41. Nxe4 Bxb4 42. a6 Ne6 43. Qb5 Qa5 44. Qxa5 Bxa5 45. Nd5 Nc7 46.
Nxc7 Bb6 47. Nb5 f5 48. a7 Bxa7 49. Nxa7 fxe4 50. Kg1 Kf6 51. Kf1 h5 52. Ke2 h4
53. Ke3 1-0

[Event "Gibraltar ChallWk1 12th"]
[Site "Gibraltar"]
[Date "2014.01.29"]
[Round "3.3"]
[White "Galmandakh, Badrakh"]
[Black "Pabalan, Rocky"]
[Result "1/2-1/2"]
[WhiteElo "2225"]
[BlackElo "2103"]
[PlyCount "126"]
[EventDate "2014.01.27"]
[EventType "swiss"]
[EventRounds "5"]
[EventCountry "GGB"]
[SourceTitle "BritBase"]
[Source "www.saund.co.uk"]
[SourceDate "2018.02.10"]
[SourceVersion "1"]
[SourceVersionDate "2018.02.10"]
[SourceQuality "1"]

1. d3 b6 2. Nf3 Bb7 3. Nbd2 g6 4. g3 Bg7 5. Bg2 Nh6 6. O-O O-O 7. a4 a5 8. Ne1
Bxg2 9. Kxg2 f5 10. e4 d5 11. exd5 Qxd5+ 12. Qf3 Rd8 13. Qxd5+ Rxd5 14. Nc4 Nf7
15. Nf3 Nc6 16. Bd2 Nb4 17. Bxb4 axb4 18. Nfd2 Nd6 19. Rfe1 Kf7 20. h3 Nxc4 21.
Nxc4 b3 22. c3 Rxd3 23. Ra3 h5 24. Rea1 h4 25. Rxb3 hxg3 26. fxg3 e5 27. a5
bxa5 28. Rb7 e4 29. Rxc7+ Kg8 30. Ra4 Re8 31. Rxa5 e3 32. Ra1 e2 33. Re1 Re4
34. Rc6 Kh7 35. Rd6 Rd1 36. Rexd1 exd1=Q 37. Rxd1 Rxc4 38. Kf3 Re4 39. g4 Re7
40. Rd5 fxg4+ 41. hxg4 Kh6 42. Rc5 Be5 43. b4 Kg7 44. b5 Kf6 45. b6 Ke6 46. c4
Kd6 47. Rc8 Bd4 48. Rg8 Bxb6 49. Rxg6+ Kc5 50. Kf4 Bc7+ 51. Kf5 Kxc4 52. Re6
Rd7 53. g5 Kd5 54. g6 Bd8 55. Re1 Bb6 56. Rd1+ Bd4 57. Rxd4+ Kxd4 58. Kf6 Rd6+
59. Kf7 Ke5 60. g7 Rd7+ 61. Kg6 Rd6+ 62. Kh7 Rd7 63. Kh8 Rxg7 1/2-1/2

[Event "Gibraltar ChallWk1 12th"]
[Site "Gibraltar"]
[Date "2014.01.29"]
[Round "3.4"]
[White "Urbina Perez, Juan Antonio"]
[Black "Sanchez Castillo, Sarai"]
[Result "0-1"]
[WhiteElo "2183"]
[BlackElo "2219"]
[PlyCount "68"]
[EventDate "2014.01.27"]
[EventType "swiss"]
[EventRounds "5"]
[EventCountry "GGB"]
[SourceTitle "BritBase"]
[Source "www.saund.co.uk"]
[SourceDate "2018.02.10"]
[SourceVersion "1"]
[SourceVersionDate "2018.02.10"]
[SourceQuality "1"]

1. d4 d5 2. c4 c6 3. Nf3 g6 4. e3 Bg7 5. Nc3 Nf6 6. Bd3 dxc4 7. Bxc4 b5 8. Bd3
Nbd7 9. O-O O-O 10. a4 b4 11. Ne4 a5 12. Nxf6+ Bxf6 13. e4 e5 14. dxe5 Nxe5 15.
Nxe5 Bxe5 16. Qe2 Qd4 17. Rd1 Be6 18. Ba6 Qb6 19. Bc4 Bxc4 20. Qxc4 Rfd8 21.
Bg5 Rd4 22. Rxd4 Bxd4 23. Qe2 Qc5 24. Be3 Bxe3 25. fxe3 Re8 26. Qd3 Qe5 27. Rc1
Qxb2 28. Rxc6 Qa1+ 29. Kf2 Qxa4 30. Qd5 b3 31. Rc7 Rf8 32. Rb7 Qa2+ 33. Kg3 a4
34. e5 Qe2 0-1

[Event "Gibraltar ChallWk1 12th"]
[Site "Gibraltar"]
[Date "2014.01.29"]
[Round "3.5"]
[White "Pena Riasco, Alexander"]
[Black "Barrenechea Bahamonde, Gustavo"]
[Result "1-0"]
[WhiteElo "2154"]
[BlackElo "2208"]
[PlyCount "77"]
[EventDate "2014.01.27"]
[EventType "swiss"]
[EventRounds "5"]
[EventCountry "GGB"]
[SourceTitle "BritBase"]
[Source "www.saund.co.uk"]
[SourceDate "2018.02.10"]
[SourceVersion "1"]
[SourceVersionDate "2018.02.10"]
[SourceQuality "1"]

1. e4 c5 2. Nf3 d6 3. d4 cxd4 4. Nxd4 Nf6 5. Nc3 g6 6. Be3 Bg7 7. Bc4 O-O 8. f3
Nc6 9. Qd2 Nd7 10. Be2 Nb6 11. Nd5 Nxd5 12. exd5 Nxd4 13. Bxd4 Bxd4 14. Qxd4
Qc7 15. c3 b6 16. O-O Bb7 17. Rad1 Rac8 18. f4 Qc5 19. Rf2 Qa5 20. a3 Ba6 21.
Re1 Bb7 22. Bf3 Rc7 23. h3 Qc5 24. Rd1 b5 25. Kh2 a5 26. Rdd2 Rb8 27. Qd3 Bc8
28. Be4 Qc4 29. Qe3 f5 30. Bf3 b4 31. cxb4 axb4 32. Rc2 Qxc2 33. Rxc2 Rxc2 34.
Qxe7 bxa3 35. bxa3 Rbb2 36. Qxd6 Bb7 37. a4 Rd2 38. a5 Rd3 39. Qe6+ 1-0

[Event "Gibraltar ChallWk1 12th"]
[Site "Gibraltar"]
[Date "2014.01.29"]
[Round "3.6"]
[White "Dolzhikova, Olga"]
[Black "Perez Garcia, Alejandro"]
[Result "0-1"]
[WhiteElo "2203"]
[BlackElo "2070"]
[PlyCount "78"]
[EventDate "2014.01.27"]
[EventType "swiss"]
[EventRounds "5"]
[EventCountry "GGB"]
[SourceTitle "BritBase"]
[Source "www.saund.co.uk"]
[SourceDate "2018.02.10"]
[SourceVersion "1"]
[SourceVersionDate "2018.02.10"]
[SourceQuality "1"]

1. e4 c6 2. d4 d5 3. e5 g6 4. h3 Nh6 5. g4 f6 6. Be3 Bg7 7. Qd2 Nf7 8. f4 O-O
9. Bd3 c5 10. c3 Nc6 11. Nf3 cxd4 12. cxd4 fxe5 13. fxe5 Nd6 14. O-O Ne4 15.
Bxe4 dxe4 16. Ng5 Rxf1+ 17. Kxf1 Bh6 18. Nc3 Bxg5 19. Bxg5 Qf8+ 20. Qf2 Nxd4
21. Qxf8+ Kxf8 22. Rd1 Nc6 23. Nxe4 h5 24. Nf2 hxg4 25. hxg4 Be6 26. b3 a5 27.
Kg2 a4 28. bxa4 Rxa4 29. Rb1 Nxe5 30. Kg3 Nf7 31. Be3 Ra3 32. Kf4 g5+ 33. Kf3
Bd5+ 34. Ke2 Rxa2+ 35. Kd3 Ra3+ 36. Kd4 Bc6 37. Nd3 e5+ 38. Nxe5 Nxe5 39. Rf1+
Nf3+ 0-1

[Event "Gibraltar ChallWk1 12th"]
[Site "Gibraltar"]
[Date "2014.01.29"]
[Round "3.7"]
[White "Severijnen, Arjon"]
[Black "Janev, Pavel"]
[Result "0-1"]
[WhiteElo "2147"]
[BlackElo "2203"]
[PlyCount "70"]
[EventDate "2014.01.27"]
[EventType "swiss"]
[EventRounds "5"]
[EventCountry "GGB"]
[SourceTitle "BritBase"]
[Source "www.saund.co.uk"]
[SourceDate "2018.02.10"]
[SourceVersion "1"]
[SourceVersionDate "2018.02.10"]
[SourceQuality "1"]

1. e4 c5 2. Nf3 Nc6 3. d4 cxd4 4. Nxd4 e5 5. Nb5 d6 6. c4 Be6 7. N1c3 a6 8. Na3
Be7 9. Be2 Bg5 10. O-O Bxc1 11. Rxc1 Nf6 12. Nc2 O-O 13. Ne3 Rc8 14. b3 Qa5 15.
Ned5 Bxd5 16. exd5 Nd4 17. f4 Rfe8 18. fxe5 Nxe2+ 19. Qxe2 Rxe5 20. Qf2 b5 21.
Qg3 Kf8 22. Qh4 bxc4 23. Rxf6 gxf6 24. Qxf6 Qc5+ 25. Kh1 cxb3 26. Rf1 Ke8 27.
Qxf7+ Kd8 28. Qxh7 Qxc3 29. h3 bxa2 30. Qg6 a1=Q 31. Qxd6+ Ke8 32. Qf8+ Kd7 33.
Qf7+ Re7 34. Qf5+ Kd6 35. Qg6+ Kc5 0-1

[Event "Gibraltar ChallWk1 12th"]
[Site "Gibraltar"]
[Date "2014.01.29"]
[Round "3.8"]
[White "Amgalanbaatar, Ravdanlkhumbuu"]
[Black "Galvan, Jesus"]
[Result "1-0"]
[WhiteElo "2137"]
[BlackElo "2241"]
[PlyCount "96"]
[EventDate "2014.01.27"]
[EventType "swiss"]
[EventRounds "5"]
[EventCountry "GGB"]
[SourceTitle "BritBase"]
[Source "www.saund.co.uk"]
[SourceDate "2018.02.10"]
[SourceVersion "1"]
[SourceVersionDate "2018.02.10"]
[SourceQuality "1"]

1. e4 c5 2. Nf3 Nf6 3. Nc3 Nc6 4. d4 d5 5. exd5 Nxd5 6. Nxd5 Qxd5 7. c4 Qe4+ 8.
Be3 cxd4 9. Nxd4 e5 10. Nxc6 bxc6 11. Qb3 Bc5 12. O-O-O Bxe3+ 13. Qxe3 Qxe3+
14. fxe3 Ke7 15. Be2 Be6 16. Kc2 Rab8 17. Kc3 a5 18. b3 c5 19. Bf3 f6 20. Bd5
Bd7 21. Rd2 Rhd8 22. Rhd1 Bg4 23. Bf3 Rxd2 24. Rxd2 Be6 25. a3 f5 26. Bc6 g5
27. Bb5 f4 28. b4 axb4+ 29. axb4 Ra8 30. bxc5 Ra3+ 31. Kb4 Rxe3 32. c6 e4 33.
c7 f3 34. gxf3 exf3 35. c5 h5 36. c6 Rb3+ 37. Kc5 g4 38. Ba4 Rc3+ 39. Kb6 Bc8
40. Rd7+ Ke6 41. Rd8 f2 42. Rxc8 f1=Q 43. Re8+ Kd6 44. Rd8+ Ke7 45. Rd7+ Ke6
46. c8=Q Qf2+ 47. Kb7 Qb2+ 48. Ka8 Kf6 1-0